000 00985cam a22003137a 4500
003 CHAP
005 20220817041559.0
008 971013c197991971 r 00010
010 _a18623
011 _a19595
035 _a23680
040 _cCHAP
082 _a112
_bD4
100 0 0 _aDescartes, Rene.
_932113
245 0 _aDiscurso del método; meditaciones metafísicas, reglas para la dirección del espíritu, principios de la filosofía
260 _aMéxico, D.F. :
_bPorrúa,
_c1979 (c.1971)
300 _a163 p.
490 0 _aSepan cuantos
_v; 177
590 _aBATCH-UPD
_b10
_c20130110
_lUCH01
_h1822
590 _aBATCH-UPD
_b10
_c20130410
_lUCH01
_h1156
590 _aBATCH-UPD
_b10
_c20130914
_lUCH01
_h1407
590 _aCONVERSION
_b10
_c20130109
_lUCH01
_h1311
650 1 4 _aFilosofía.
_940890
650 1 4 _aMetafísica.
830 0 _aSepan cuantos
_v; 177
901 _aBK
942 _cLIBRO
949 _a112 D4
_bBC
_cLIBRO
_d33724000788840
_eLIBRO
_h48818
_i23680
_si
999 _c18623
_d18623